000 00422cam a2200157ua 4500
041 _aeng
_h
082 _a828.09
_bALL/HA
100 _aAllen, Don Cameron .
245 _aHarmonious vision: Studies in Milton`s poetry /
_cDon Cameron Allen.
_hTextual Documents
250 _a1 /
_b.
260 _aBaltimore :
_bThe John Hopkins press ,
_c1954.
300 _a125 ; .
504 _a
942 _cBK
999 _c6656
_d6656